[Event "GRE-ch U14 Girls"]
[Site "Peristeri"]
[Date "2023.07.03"]
[Round "1"]
[White "Moutaftsi, Martha"]
[Black "Alexandri, Dimitra"]
[Result "0-1"]
[WhiteElo "1235"]
[BlackElo "1675"]
[PlyCount "64"]
[EventDate "2023.07.03"]
[EventType "swiss"]
[EventRounds "9"]
[EventCountry "GRE"]
[SourceTitle "EXT 2024"]
[Source "ChessBase"]
[SourceDate "2023.10.10"]
[SourceVersion "1"]
[SourceVersionDate "2023.10.10"]
[SourceQuality "1"]

1. d4 Nf6 2. Bf4 g6 3. Nc3 d5 4. f3 Bf5 5. g4 Bc8 6. g5 Nh5 7. Bg3 Nxg3 8. hxg3 Qd6 9. f4 Bg7 10. Qd2 f6 11. gxf6 Bxf6 12. Bg2 c6 13. 0-0-0 Bg4 14. Nf3 Nd7 15. e4 dxe4 16. Nxe4 Qe6 17. Nxf6+ Nxf6 18. Qa5 Bxf3 19. Rde1 Be4 20. Bxe4 Nxe4 21. Qc7 0-0 22. Kb1 Qd6 23. Qxb7 Nc3+ 24. Kc1 Nxa2+ 25. Kb1 Nc3+ 26. Kc1 Nd5 27. c4 Rfb8 28. Qa6 Nb4 29. Qa3 Qxd4 30. Kb1 Rb7 31. Rd1 Qe4+ 32. Kc1 Qc2# 0-1

[Event "GRE-ch U20 Girls"]
[Site "Trikala"]
[Date "2023.04.24"]
[Round "9"]
[White "Alexandri, Dimitra"]
[Black "Perakaki, Makrina Eirini"]
[Result "1-0"]
[WhiteElo "1648"]
[BlackElo "1294"]
[PlyCount "43"]
[EventDate "2023.04.18"]
[EventType "swiss"]
[EventRounds "9"]
[EventCountry "GRE"]
[SourceTitle "EXT 2024"]
[Source "ChessBase"]
[SourceDate "2023.10.10"]
[SourceVersion "1"]
[SourceVersionDate "2023.10.10"]
[SourceQuality "1"]

1. d4 d5 2. c4 dxc4 3. Nf3 Bg4 4. e3 e5 5. h3 Bxf3 6. Qxf3 Qe7 7. Qxb7 Qb4+ 8. Qxb4 Bxb4+ 9. Bd2 Bxd2+ 10. Nxd2 Nc6 11. Bxc4 Nb4 12. Rc1 exd4 13. a3 dxe3 14. fxe3 Nf6 15. axb4 0-0 16. 0-0 Rab8 17. b5 Rbd8 18. Nf3 Ne4 19. Nd4 Nd2 20. Rf2 Nxc4 21. Rxc4 Rc8 22. Rfc2 1-0

[Event "GRE-ch U20 Girls"]
[Site "Trikala"]
[Date "2023.04.21"]
[Round "5"]
[White "Alexandri, Dimitra"]
[Black "Kratimenou, Georgia"]
[Result "1-0"]
[WhiteElo "1648"]
[BlackElo "1402"]
[PlyCount "87"]
[EventDate "2023.04.18"]
[EventType "swiss"]
[EventRounds "9"]
[EventCountry "GRE"]
[SourceTitle "EXT 2024"]
[Source "ChessBase"]
[SourceDate "2023.10.10"]
[SourceVersion "1"]
[SourceVersionDate "2023.10.10"]
[SourceQuality "1"]

1. d4 d5 2. c4 e6 3. Nc3 a6 4. cxd5 exd5 5. Nf3 Nf6 6. Bg5 c6 7. e3 h6 8. Bh4 Be7 9. Bd3 Be6 10. Qc2 Qc8 11. Rb1 Nbd7 12. 0-0 0-0 13. b4 Nb6 14. Ne5 Re8 15. h3 Nfd7 16. Bxe7 Nxe5 17. dxe5 Rxe7 18. f4 Bd7 19. Rf3 Qc7 20. Ne2 Be8 21. Nd4 Nd7 22. Nf5 Re6 23. Rg3 g6 24. Nxh6+ Kf8 25. Ng4 c5 26. Qc3 Rc8 27. h4 Rb6 28. a3 cxb4 29. Qxc7 Rxc7 30. axb4 Rc3 31. Bf1 d4 32. Rf3 d3 33. e4 Nc5 34. Nf6 Bc6 35. Nd5 Nxe4 36. Nxb6 Nd2 37. Rd1 Bxf3 38. gxf3 Nxf3+ 39. Kf2 d2 40. Be2 Nxh4 41. Rxd2 Nf5 42. Nd5 Rb3 43. Bc4 Rb1 44. Bd3 1-0

[Event "EU-ch 23rd"]
[Site "Vrnjacka Banja"]
[Date "2023.03.07"]
[Round "5"]
[White "Roebers, Jan"]
[Black "Alexandri, Dimitra"]
[Result "1-0"]
[WhiteElo "2113"]
[BlackElo "1586"]
[PlyCount "129"]
[EventDate "2023.03.03"]
[EventType "swiss"]
[EventRounds "11"]
[EventCountry "SRB"]
[SourceTitle "CBM 213"]
[Source "ChessBase"]
[SourceDate "2023.04.30"]
[SourceVersion "1"]
[SourceVersionDate "2023.04.30"]
[SourceQuality "1"]

1. e4 e5 2. f4 Bc5 3. Nf3 d6 4. Nc3 Nf6 5. Bc4 Nc6 6. d3 a6 7. fxe5 dxe5 8. Bg5 Qd6 9. Qd2 Na5 10. Bb3 Nxb3 11. axb3 c6 12. Rf1 h6 13. Bh4 Nh5 14. 0-0-0 Be6 15. d4 exd4 16. Na4 Ba7 17. Nxd4 Bxd4 18. Qxd4 Qxd4 19. Rxd4 g5 20. Be1 Nf4 21. Rf2 0-0 22. Ba5 Bg4 23. Rd6 Ng6 24. h3 Be6 25. Nc5 Rab8 26. Bc7 Rbc8 27. Bb6 Nf4 28. Kd2 Rfe8 29. h4 Ng6 30. hxg5 hxg5 31. Nxe6 Rxe6 32. Rd7 Re7 33. Rxe7 Nxe7 34. Be3 g4 35. Rf4 Ng6 36. Rxg4 Kf8 37. Bc5+ Ke8 38. Rg3 Rb8 39. Ke3 Kd7 40. Bd4 Ke7 41. b4 Ra8 42. Rg5 Ke6 43. Rh5 Rg8 44. g4 Ra8 45. b3 Rb8 46. Rh1 Rg8 47. Kf3 Ne5+ 48. Bxe5 Kxe5 49. Rh7 Ke6 50. Kf4 Rd8 51. Rh6+ Ke7 52. Ke3 Rg8 53. Rh4 Rd8 54. Rh1 Rg8 55. Rg1 Rd8 56. g5 Rd6 57. Rg2 Rd8 58. Kf4 Ke6 59. g6 fxg6 60. Rxg6+ Kf7 61. Rh6 Kg7 62. Rh2 Kg6 63. Ke5 Re8+ 64. Kd4 Re7 65. Rf2 1-0

[Event "GRE-chT 49th"]
[Site "Thessaloniki"]
[Date "2022.08.16"]
[Round "6.4"]
[White "Gerasopoulos, Nikolaos"]
[Black "Alexandri, Dimitra"]
[Result "1-0"]
[WhiteElo "1538"]
[BlackElo "1796"]
[PlyCount "137"]
[EventDate "2022.08.12"]
[EventType "team-swiss"]
[EventRounds "7"]
[EventCountry "GRE"]
[SourceTitle "CBM 209 Extra"]
[Source "ChessBase"]
[SourceDate "2022.09.30"]
[SourceVersion "1"]
[SourceVersionDate "2022.09.30"]
[SourceQuality "1"]
[WhiteTeam "Thessaloniki ES"]
[BlackTeam "Neapolis Sykeon"]
[WhiteTeamCountry "GRE"]
[BlackTeamCountry "GRE"]

1. e4 e5 2. Nf3 Nc6 3. c3 d5 4. Qa4 f6 5. d3 Be6 6. Be3 Nge7 7. Nbd2 Qd7 8. Be2 g6 9. d4 Bg7 10. dxe5 Nxe5 11. Qxd7+ Nxd7 12. 0-0 0-0 13. Rad1 Nb6 14. Bc5 Rfe8 15. Nd4 Bd7 16. Bf3 c6 17. Rfe1 g5 18. g3 Ng6 19. Bxb6 axb6 20. exd5 Rxe1+ 21. Rxe1 Rxa2 22. dxc6 bxc6 23. Nc4 Ne5 24. Nxb6 Nxf3+ 25. Nxf3 Bg4 26. Nd4 c5 27. Nc6 Rxb2 28. Na4 Rc2 29. Ne7+ Kf7 30. Nd5 Bf3 31. Ne3 Ra2 32. Nxc5 Bf8 33. Nb3 Rb2 34. Nd4 Bb7 35. Nc4 Ra2 36. Ne3 Rb2 37. Ne6 Rb6 38. Nd8+ Kg8 39. Nxb7 Rxb7 40. Nd5 Kf7 41. g4 Rb5 42. c4 Rc5 43. Re4 Bd6 44. Kg2 h6 45. h3 Rc6 46. Ne3 Bf8 47. Nf5 Rc5 48. Kf3 h5 49. Ne3 hxg4+ 50. hxg4 Bd6 51. Rd4 Rc6 52. Rd5 Bc5 53. Nc2 Be7 54. Rd4 Bc5 55. Re4 Rc8 56. Ne1 Bb6 57. Ke2 Ra8 58. f3 Ra2+ 59. Kd1 Ra8 60. Kc2 Rc8 61. Nd3 Bd8 62. c5 Be7 63. Kc3 Rd8 64. Kc4 Rxd3 65. Rxe7+ Kxe7 66. Kxd3 Kd7 67. Ke4 Kc6 68. Kf5 Kxc5 69. Kxf6 1-0

[Event "EU-ch Hybrid U12 Girls"]
[Site "Tornelo INT"]
[Date "2021.10.15"]
[Round "3"]
[White "Alexandri, Dimitra"]
[Black "Merkulova, Viktoria"]
[Result "1/2-1/2"]
[WhiteElo "1441"]
[BlackElo "1756"]
[PlyCount "126"]
[EventDate "2021.10.15"]
[EventType "swiss"]
[EventRounds "9"]
[EventCountry "NET"]
[SourceTitle "EXT 2023"]
[Source "ChessBase"]
[SourceDate "2022.10.05"]
[SourceVersion "1"]
[SourceVersionDate "2022.10.05"]
[SourceQuality "1"]
[WhiteTeam "Greece"]
[BlackTeam "Russia"]
[WhiteTeamCountry "GRE"]
[BlackTeamCountry "RUS"]

1. d4 Nf6 2. c4 c5 3. d5 b5 4. cxb5 a6 5. bxa6 g6 6. Nc3 Bg7 7. e4 0-0 8. Be2 Qa5 9. Bd2 Bxa6 10. e5 Ne8 11. Nf3 d6 12. e6 fxe6 13. Ng5 Bc8 14. Nxe6 Bxe6 15. dxe6 Nc6 16. 0-0 Nd4 17. Nd5 Qa7 18. Bc3 Nxe2+ 19. Qxe2 Qb7 20. Bxg7 Nxg7 21. Rfd1 Rf5 22. Ne3 Re5 23. Qd2 Nxe6 24. b3 Nf4 25. f3 Qb4 26. Kf2 Qxd2+ 27. Rxd2 d5 28. Ng4 Re6 29. g3 h5 30. gxf4 hxg4 31. Rxd5 gxf3 32. Kxf3 Rb6 33. Rxc5 Rxb3+ 34. axb3 Rxa1 35. Rb5 Rh1 36. Kg3 Rc1 37. Kg4 Kf7 38. b4 Rc4 39. Kg5 Rc2 40. h3 Rg2+ 41. Kh4 Rd2 42. Kg4 Rd4 43. Rb7 Kf6 44. Rb5 e5 45. Rxe5 Rxb4 46. Ra5 Rb6 47. h4 Rc6 48. h5 gxh5+ 49. Rxh5 Rc4 50. Rh6+ Kg7 51. Rb6 Rc5 52. f5 Kf7 53. Kg5 Rc7 54. Rh6 Rc5 55. Rh7+ Kg8 56. Rb7 Rc6 57. Ra7 Kf8 58. f6 Rc1 59. Kg6 Rg1+ 60. Kf5 Rf1+ 61. Ke6 Re1+ 62. Kd6 Rd1+ 63. Ke6 Re1+ 1/2-1/2

[Event "EU-ch Hybrid U12 Girls"]
[Site "Tornelo INT"]
[Date "2021.10.15"]
[Round "4"]
[White "Toth, Lili1111"]
[Black "Alexandri, Dimitra"]
[Result "1/2-1/2"]
[WhiteElo "1780"]
[BlackElo "1441"]
[PlyCount "113"]
[EventDate "2021.10.15"]
[EventType "swiss"]
[EventRounds "9"]
[EventCountry "NET"]
[SourceTitle "EXT 2023"]
[Source "ChessBase"]
[SourceDate "2022.10.05"]
[SourceVersion "1"]
[SourceVersionDate "2022.10.05"]
[SourceQuality "1"]
[WhiteTeam "Hungary"]
[BlackTeam "Greece"]
[WhiteTeamCountry "HUN"]
[BlackTeamCountry "GRE"]

1. d4 Nf6 2. c4 g6 3. Nc3 Bg7 4. Nf3 d6 5. Bg5 0-0 6. Qd2 Nbd7 7. Rd1 c6 8. e4 Qc7 9. h4 Re8 10. Bh6 a6 11. h5 Nf8 12. hxg6 fxg6 13. Bxg7 Kxg7 14. Qh6+ Kg8 15. Be2 Qb6 16. Rd2 Qc7 17. Ng5 e5 18. dxe5 Rxe5 19. f4 Re8 20. c5 d5 21. e5 Ng4 22. Qh4 Ne3 23. Qf2 Nf5 24. g4 Ng7 25. Na4 Rb8 26. Nb6 Nge6 27. Nxe6 Rxe6 28. Rd3 Bd7 29. Rdh3 Rbe8 30. Qh2 R6e7 31. Rh6 Bc8 32. Bd3 Rg7 33. Nxc8 Qxc8 34. f5 Qc7 35. e6 Qa5+ 36. Qd2 Qxc5 37. Kd1 Nxe6 38. fxe6 Rxe6 39. Re1 Qe7 40. Rhh1 Qd7 41. Rxe6 Qxe6 42. Qe2 Qxe2+ 43. Kxe2 Re7+ 44. Kd2 Kg7 45. Rf1 Kh6 46. Rf8 Kg7 47. Rb8 Kf6 48. Be2 Ke6 49. b4 Kd6 50. Bd3 Rf7 51. a3 Kc7 52. Rh8 Re7 53. a4 Kd6 54. Rd8+ Kc7 55. Rh8 Kd6 56. Rd8+ Kc7 57. Rh8 1/2-1/2